Faber report : how wall street really works (Record no. 180748)

MARC details
000 -LEADER
fixed length control field 00504nam a2200181Ia 4500
008 - FIXED-LENGTH DATA ELEMENTS--GENERAL INFORMATION
fixed length control field 191130s2002##################000#0#eng##
020 ## - INTERNATIONAL STANDARD BOOK NUMBER
ISBN 9780316164924
082 ## - DEWEY DECIMAL CLASSIFICATION NUMBER
Classification number 332.6 FAB
100 ## - MAIN ENTRY--AUTHOR NAME
Personal name Faber, David
245 ## - TITLE STATEMENT
Title Faber report : how wall street really works
Statement of responsibility, etc David Faber
260 ## - PUBLICATION, DISTRIBUTION, ETC. (IMPRINT)
Place of publication Boston, MA
Name of publisher Little, brown and company
Year of publication 2002
300 ## - PHYSICAL DESCRIPTION
Number of Pages 292 p.; 24 cm
650 ## - SUBJECT ADDED ENTRY--TOPICAL TERM
Topical Term Economics
991 ## -
-- 173140
Holdings
Withdrawn status Lost status Damaged status Not for loan Home library Current library Shelving location Date acquired Full call number Accession Number Price effective from Koha item type
        Anna Centenary Library Anna Centenary Library 4TH FLOOR, A WING 13.10.2020 332.6 FAB 507483 13.10.2020 English Books

Find us on the map